Who Said That: The Simpsons - Statistics

General Stats
  • This quiz has been taken 75 times
    57 since last reset
  • The average score is 6 of 15
Answer Stats
Quote Character % Correct
"Aw, $20, I wanted a peanut" Homer
86%
"How does Bart do this every week?" Lisa
79%
"What's a diorama?" Ralph
56%
"If you survive, please come again." Apu
53%
"No, that's German for...'the Bart the" Sideshow Bob
51%
"Hey Willie! Catch the football!" Nelson
47%
"Well kids. You heard the cartoon mouse" Krusty the Clown
44%
"No! Now park you keister meister!" Marge
33%
"Looks like little Lisa has the mumps" Dr. Hibbert
28%
"Here's the grapes, and here's the wrath." Nelson
26%
"Use a pen Sideshow Bob" Snake
19%
"That's what they all say. They all say d'oh" Chief Wiggum
14%
"Don't be so modest Lisa" Miss Hoover
14%
"I've laminated today's newspaper" Smithers
14%
"There's no need for introduction, you're the worst kids in school!" Bart
9%
No matching quizzes found
Score Distribution
Percent of People with Each Score
Percentile by Number Answered
Your Score History
You have not taken this quiz since the last reset